000 00398nam a2200145Ia 4500
008 230917s9999||||xx |||||||||||||| ||und||
040 _e65795
_aMAIN
041 _aEnglish
082 _a153.8 H18C
100 _aHamilton, Vernon
245 0 _aCognitive structure and processes of human motivation and personality
260 _aChichester
_bJohn Wiley
_c1983
300 _axii, 352 p.
942 _cBK
999 _c45305
_d45305